Estatísticas para Estádios da Premier League

Clique aqui para jogar o quiz

Estatísticas Gerais

  • Esse quiz foi jogado 49 vezes
  • A pontuação média é 7 de 20

Estatísticas das Respostas

Resposta% Correto
Anfield Road
89%
Old Trafford
86%
Emirates Stadium
70%
Stamford Bridge
66%
Etihad Stadium
64%
Tottenham Hotspur Stadium
48%
Goodison Park
41%
London Stadium
39%
St James Park
39%
Villa Park
34%
Craven Cottage
30%
Amex Stadium
18%
Kenilworth Road
18%
Turf Moor
18%
Vitality Stadium
18%
City Ground
16%
Selhurst Park
16%
Community Stadium
11%
Bramall Lane
9%
Molyneux Stadium
2%

Distribuição das Pontuações

Percentil de Números Respondidos

Porcentagem de Pessoas com Cada Pontuação

Sua Pontuação Histórica

Você não jogou esse quiz